[Event "Winter Chess Classic-B 2018"]
[Site "Saint Louis"]
[Date "2018.11.08"]
[Round "4"]
[White "Kevilshvili, Robby"]
[Black "Andriasian, Zaven"]
[Result "0-1"]
[WhiteElo "2461"]
[BlackElo "2603"]
[Annotator "TA"]
[PlyCount "96"]
[EventDate "2018.11.05"]
[EventType "tourn"]
[EventCountry "USA"]
[SourceTitle "playchess.com"]
[Source "ChessBase"]
[SourceQuality "1"]

{[%evp 17,95,6,2,0,0,10,22,-11,16,16,27,24,75,60,102,43,42,30,22,19,12,18,33,12,7,0,17,27,10,-13,-14,-31,-14,-25,-14,-14,-20,-59,-30,-56,-29,-69,-82,-125,-118,-119,-105,-128,-123,-113,-104,-173,-154,-173,-130,-137,-133,-203,-194,-255,-272,-314,-311,-303,-249,-296,-232,-378,-365,-389,-369,-385,-406,-610,-600,-29967,-29969,-29998,-29999,-29999]} 1. e4 c5 2. Nf3 d6 3. d4 cxd4 4. Nxd4 Nf6 5. Nc3 a6 6. Be3 Ng4 7. Bg5 h6 8. Bc1 {B90: Sicilian Najdorf: Unusual White 6th moves, 6 Be3 Ng4 and 6 Be3 e5} Nf6 9. Bc4 (9. Bd3 Nc6 10. Nxc6 bxc6 11. O-O e6 12. Na4 d5 13. Qe2 Be7 14. c4 Bb7 15. e5 Nd7 {0-1 (45) Grischuk,A (2766)-Duda,J (2737) chess.com INT 2018}) 9... e6 {LiveBook: 21 Games} 10. Be3 {The position is equal.} Nc6 11. f4 {[%cal Bf2f4,Bf4f5][%mdl 32]} Qc7 12. Bb3 Be7 13. f5 $146 ({Predecessor:} 13. Qf3 Na5 14. O-O b5 15. f5 e5 {1-0 (25) Buhmann,R (2564)-Zeller,F (2371) Germany 2017}) 13... Nxd4 14. Bxd4 Bd7 (14... O-O $11 {keeps the balance.}) 15. Qd3 b5 16. a3 ({Better is} 16. fxe6 $16 fxe6 17. O-O) 16... e5 $14 17. Bf2 Bc6 18. Bh4 Nd7 19. Bxe7 Kxe7 20. Qg3 Rhg8 21. O-O-O Nf6 22. Rd3 Bxe4 23. Nxe4 Nxe4 24. Qh4+ Nf6 $1 25. Rhd1 Rad8 26. g4 a5 {[%cal Ba6a5,Ba5b4][%mdl 32]} 27. h3 Qb6 28. Qe1 Rd7 29. Rg3 Rb8 30. c3 b4 31. cxb4 axb4 32. a4 Qc6+ $1 33. Kb1 {[#]} Qe4+ $1 34. Rgd3 {[#]} (34. Ka2 $17) 34... Qxe1 $1 $19 35. Rxe1 Rc7 36. Rg3 Nd7 37. g5 (37. h4 $17 {was called for.}) 37... hxg5 38. Rxg5 (38. h4 {was necessary.}) 38... Nc5 39. Bd5 Kf6 ({Weaker is} 39... Nxa4 40. Rxg7 Kf6 41. Rg4 $17) 40. Reg1 Rg8 41. h4 e4 {[%cal Be5e4,Be4e3][%mdl 32]} ({Don't play} 41... Nxa4 42. Rd1 $19) 42. h5 (42. R5g4 $142 Re7 43. Rd1) 42... Rh8 43. a5 e3 44. Rxg7 {If White can now play R7g3 this consolidates a bit.} Rxh5 45. R7g3 (45. R7g2 $142) 45... Rxf5 46. Bg2 Nb3 {Black mates.} 47. a6 Nd2+ 48. Ka2 Ra5# {Precision: White = 37%, Black = 76%.} 0-1

[Event "Winter Chess Classic-B 2018"]
[Site "Saint Louis"]
[Date "2018.11.09"]
[Round "5"]
[White "Andriasian, Zaven"]
[Black "Hakobyan, Aram"]
[Result "1/2-1/2"]
[WhiteElo "2603"]
[BlackElo "2565"]
[Annotator "TA"]
[PlyCount "67"]
[EventDate "2018.11.05"]
[EventType "tourn"]
[EventCountry "USA"]
[SourceTitle "playchess.com"]
[Source "ChessBase"]
[SourceQuality "1"]

{[%evp 17,67,23,24,23,24,16,18,15,24,18,4,9,24,7,22,30,28,16,45,53,41,39,39,36,35,45,93,95,69,83,93,60,83,70,72,43,58,45,45,50,81,31,54,14,10,14,16,0,0,0,16,20]} 1. e4 e5 2. Nf3 Nc6 3. Bc4 Nf6 4. d3 Bc5 5. O-O d6 6. c3 a6 7. Bb3 Ba7 8. Nbd2 Qe7 {C54: Giuoco Piano: 4 c3 Nf6, main lines with 5 d4 and 5 d3} (8... O-O 9. h3 h6 10. Re1 Re8 11. Nf1 Be6 12. Bc2 d5 13. exd5 Bxd5 14. Ng3 Qd6 15. Nh4 Ne7 16. Qe2 Qd7 17. Ne4 Qe6 18. a4 Rad8 19. a5 g5 {0-1 (101) Onischuk,V (2637)-Grischuk,A (2772) Riadh 2017}) 9. Nc4 h6 {LiveBook: 4 Games} 10. Re1 $146 ({Predecessor:} 10. Be3 b5 11. Bxa7 bxc4 12. Ba4 Bd7 13. Be3 O-O 14. Nh4 Qe6 15. Nf5 d5 16. exd5 Qxf5 17. dxc6 {½-½ (30) Korneev,O (2651)-Cornette,M (2496) La Laguna 2008}) 10... O-O {White has an edge.} 11. Ne3 Ng4 12. h3 Nxe3 13. Bxe3 Bxe3 14. Rxe3 Qf6 15. Nh2 Be6 16. Ng4 Qh4 17. Rg3 Na5 18. Bxe6 fxe6 19. Qa4 $36 {[%mdl 2048] Black is under pressure.} Nc6 20. Qb3 Nd8 21. Re1 Kh8 22. d4 exd4 23. cxd4 Qe7 24. Nh2 Nc6 25. Nf3 Rab8 26. Rg4 Qf7 27. Qc2 Rbc8 28. Re3 e5 29. dxe5 dxe5 30. Rb3 Rb8 {The position is equal.} 31. Kh2 Kh7 32. Qc5 Qf6 $1 33. Rd3 Rf7 34. Rd5 {Precision: White = 74%, Black = 65%.} 1/2-1/2

[Event "Winter Chess Classic-B 2018"]
[Site "Saint Louis"]
[Date "2018.11.09"]
[Round "5"]
[White "Gareyev, Timur"]
[Black "Perelshteyn, Eugene"]
[Result "0-1"]
[WhiteElo "2584"]
[BlackElo "2493"]
[Annotator "TA"]
[PlyCount "90"]
[EventDate "2018.11.05"]
[EventType "tourn"]
[EventCountry "USA"]
[SourceTitle "playchess.com"]
[Source "ChessBase"]
[SourceQuality "1"]

{[%evp 14,90,43,39,34,34,47,47,54,47,50,35,70,41,37,28,25,24,38,0,0,0,0,0,25,-74,-70,-83,-82,-81,-62,-154,-170,-169,-154,-154,-154,-148,-141,-144,-140,-137,-139,-139,-133,-139,-130,-143,-133,-172,-153,-154,-152,-164,-159,-134,-138,-158,-175,-175,-184,-185,-128,-109,-66,-160,-136,-312,-251,-252,-252,-260,-260,-239,-218,-433,-426,-611,-611]} 1. d4 Nf6 2. Bf4 g6 3. Nc3 d5 4. e3 Bg7 5. h4 h5 6. Nf3 {A45: Trompowsky Attack} Bg4 7. Qd2 Bxf3 8. gxf3 {LiveBook: 5 Games. White is slightly better.} c6 9. e4 e6 10. O-O-O Nbd7 11. Kb1 a6 $146 12. Bd3 b5 13. Rhg1 Nb6 14. Be5 Bh6 15. Qe1 Rg8 16. exd5 cxd5 17. f4 Kf8 {[%cal Be8f8,Bf8g7,Bg7h7][%mdl 32]} 18. f3 Nfd7 19. Bd6+ (19. Ne2 $11) 19... Kg7 $17 20. b3 Kh7 21. Ne2 Nc4 22. Bb4 {[#]} (22. bxc4 $15 bxc4 23. Bxg6+ Rxg6 24. Rxg6 fxg6 25. Ka1) 22... a5 $1 $36 {[%cal Ra5b4][%mdl 2048] Black is in control.} 23. Bc3 b4 24. bxc4 bxc3 25. Qxc3 dxc4 ({Weaker is} 25... Qxh4 26. Rh1 $11) 26. Bxc4 Nb6 {Threatens to win with ...Rc8.} ({Don't play} 26... Qxh4 27. f5 $15) 27. Bb5 Nd5 28. Qd3 Rb8 {And now ...Nb4 would win.} 29. c4 Nxf4 30. Nxf4 Bxf4 31. a4 Qf6 32. Qc3 Rgd8 33. Rge1 Qxh4 34. Qxa5 Qf6 35. Qc3 h4 {[%cal Bh5h4,Bh4h3,Bh3h2][%mdl 32]} 36. Kc2 h3 37. d5 Qxc3+ (37... Qg5 $19 {[%cal Re6d5]} 38. Rg1 Qf5+ 39. Qd3 Qf6) 38. Kxc3 exd5 39. cxd5 (39. Rd4 $1 $15 Bg3 40. Rh1) 39... h2 40. Re4 $2 {[#]} (40. Bc6 $17) 40... Rxd5 $1 {[%mdl 512]} 41. Rxf4 {Strongly threatening Rh4+.} (41. Rxd5 h1=Q) 41... Rxd1 42. Rh4+ Kg7 43. Rxh2 Rc8+ 44. Kb4 $2 (44. Kb2 {might work better.}) 44... Rb1+ $19 45. Ka5 (45. Ka3 $142 Rc3+ 46. Ka2) 45... Ra8+ {Precision: White = 50%, Black = 76%.} 0-1

[Event "Winter Chess Classic-B 2018"]
[Site "Saint Louis"]
[Date "2018.11.09"]
[Round "5"]
[White "Mikhalevski, Victor"]
[Black "Benjamin, Joel"]
[Result "1/2-1/2"]
[WhiteElo "2574"]
[BlackElo "2526"]
[Annotator "TA"]
[PlyCount "107"]
[EventDate "2018.11.05"]
[EventType "tourn"]
[EventCountry "USA"]
[SourceTitle "playchess.com"]
[Source "ChessBase"]
[SourceQuality "1"]

{[%evp 19,107,5,8,5,41,44,53,39,62,59,59,-15,-21,-30,-32,-36,-30,-113,-101,-106,-101,-149,-154,-145,-145,-146,-141,-133,-137,-145,-146,-244,-225,-239,-130,-156,-161,-204,-191,-186,-164,-277,-282,-281,-261,-278,-223,-215,-220,-207,-17,-17,-17,-17,0,0,0,0,0,0,0,0,18,8,8,8,20,0,0,0,0,0,0,0,9,0,0,0,0,0,0,0,0,0,0,0,0,0,0,0]} 1. d4 Nf6 2. c4 e6 3. Nf3 b6 4. g3 Ba6 5. Qa4 Bb7 6. Bg2 g6 {E15: Queen's Indian: 4 g3 sidelines, 4 g3 Ba6 and 4 g3 Bb7 early deviations} 7. Qc2 Bg7 8. Nc3 O-O 9. O-O d5 10. Ne5 Na6 {LiveBook: 3 Games} 11. Bg5 c6 $146 ({Predecessor:} 11... h6 12. Bxf6 Bxf6 13. Nxg6 Nb4 14. Qa4 fxg6 15. Qxb4 Bxd4 16. cxd5 Bxc3 17. bxc3 exd5 {1-0 (47) Zhigalko,A (2572)-Kali,O (2089) Jerusalem 2015}) 12. Ng4 h5 13. Ne5 Qe8 14. e4 c5 15. exd5 (15. dxc5 $1 $14 Nxc5 16. exd5) 15... cxd4 $11 16. Nb5 exd5 17. Bxf6 Bxf6 18. Nxg6 (18. Nd6 $11 {keeps the balance.} Qxe5 19. Nxb7) 18... d3 $1 $36 {[%cal Rd3c2][%mdl 2048] Black is on the roll.} (18... fxg6 $6 19. Nd6 $14) 19. Qxd3 dxc4 $1 (19... fxg6 20. Nd6 $16) 20. Nd6 (20. Qxc4 Bxg2 21. Kxg2 Rc8 $17) 20... cxd3 21. Nxe8 Rfxe8 22. Bxb7 fxg6 23. Bxa6 {[#]} Rad8 $1 ({Don't play} 23... Bxb2 $6 24. Rad1 $11) 24. Rab1 d2 25. h4 (25. Bb5 $17 Re7 26. Ba4) 25... Kg7 26. Rfd1 {[#]} Re4 (26... Bxb2 $1 $19 {[%mdl 512]} 27. Kf1 (27. Rxb2 Re1+) 27... Bc3) 27. Bf1 Rb4 28. b3 Bc3 29. Bc4 b5 30. a3 (30. Bf1 {was worth a try.}) 30... Rxc4 $19 ({Weaker is} 30... bxc4 31. axb4 cxb3 32. Rxb3 $11) 31. bxc4 bxc4 {[%mdl 4096] Endgame KRR-KRB} 32. Kg2 Be5 33. Rb7+ Kh6 34. Re7 Bb2 $2 (34... Bg7 $19 35. Rc7 c3) 35. Rxa7 $11 {The position is equal.} c3 {Strongly threatening ...c2.} 36. Rc7 Ra8 37. Kf1 Rxa3 38. Ke2 Ra6 39. Kd3 Rd6+ 40. Kc2 g5 41. f4 gxf4 42. gxf4 {aiming for f5.} Rf6 43. Rf1 Re6 $1 {[%cal Re6e1]} 44. Kd1 Ra6 45. Kc2 {f5 is the strong threat.} Re6 $1 {[%cal Re6e1] White must now prevent ...Re1.} 46. Rd1 Re4 47. Rf7 Kg6 48. Rf8 {And now Rg1+ would win.} Kg7 49. Rf5 Kh6 50. Rf7 Kg6 51. Rf8 {Threatens to win with Rg1+.} Kg7 52. Rf5 {Hoping for Rg1+.} Kh6 53. Rf6+ Kg7 54. Rf5 {Precision: White = 45%, Black = 72%.} 1/2-1/2

[Event "Winter Chess Classic-B 2018"]
[Site "Saint Louis"]
[Date "2018.11.09"]
[Round "5"]
[White "Ali Marandi, Cemil Can"]
[Black "Kevilshvili, Robby"]
[Result "0-1"]
[WhiteElo "2552"]
[BlackElo "2461"]
[Annotator "TA"]
[PlyCount "94"]
[EventDate "2018.11.05"]
[EventType "tourn"]
[EventCountry "USA"]
[SourceTitle "playchess.com"]
[Source "ChessBase"]
[SourceQuality "1"]

{[%evp 24,93,0,-7,-15,-14,0,-14,-12,-8,-20,-16,-22,-13,0,0,0,-25,48,48,27,40,30,30,41,-30,-28,-24,-29,-29,-21,-19,-10,-87,-10,-13,-2,-100,-94,-94,-112,-116,-111,-104,-111,-120,-35,-43,0,-107,-113,-212,-89,-89,-96,-85,-12,-391,-391,-395,-212,-242,-247,-203,-206,-194,-197,-673,-664,-29985,-29986,-29999]} 1. d4 d5 2. c4 e6 3. Nf3 Nf6 4. Nc3 c6 5. g3 dxc4 6. Bg2 b5 {[%cal Bb7b5,Bb5b4][%mdl 32]} 7. O-O Bb7 8. Ne5 a6 {E04: Open Catalan: 5 Nf3} 9. b3 b4 (9... cxb3 10. Qxb3 Be7 11. Rd1 O-O 12. Bg5 Ra7 13. Rac1 a5 {½-½ (41) Melkumyan,H (2633)-Eljanov,P (2711) Riadh 2017}) 10. Ne4 Nxe4 11. Bxe4 c3 12. a3 a5 13. axb4 {LiveBook: 6 Games} Bxb4 14. Qd3 f5 15. Bf3 $146 ({Predecessor:} 15. Bg2 O-O 16. Ba3 {½-½ (43) Zhukova,N (2448)-Galliamova,A (2434) Novi Sad 2016}) 15... O-O 16. Ba3 Nd7 17. Nxc6 Bxc6 18. Bxc6 Rc8 19. Bxb4 axb4 20. Qc4 Qf6 (20... Re8 $11 21. Qb5 Re7) 21. Qb5 $1 $14 Rb8 $1 {[%cal Rb8b5]} 22. Qa4 Nb6 {[%cal Bd7b6,Bb6d5,Bd5b4,Bb4c2][%mdl 32]} 23. Qxb4 Nd5 24. Qa5 ({Better is} 24. Qd6 $14) 24... Nb4 $11 25. Bd7 Nc2 26. Qxc3 Nxa1 27. Rxa1 Rbd8 28. Qc7 (28. Qc6 $11) 28... Qxd4 (28... Kh8 $17 29. Bb5 Rxd4) 29. Bxe6+ Kh8 30. Ra4 (30. Rf1 $11 {remains equal.}) 30... Qd1+ $17 31. Kg2 Qxe2 32. Bxf5 {And now Rh4 would win.} Rd1 33. Qc5 {[%cal Rc5f8]} Qf1+ {[%mdl 1024] Black has strong compensation.} 34. Kf3 {[%cal Rc5f8]} Qd3+ (34... Rd3+ $17 35. Kf4 Rdd8) 35. Kg2 $1 $15 {[%cal Rc5f8]} Qf1+ (35... Qd5+ $15 36. Qxd5 Rxd5) 36. Kf3 $17 {[%cal Rc5f8]} Rdd8 {White must now prevent ...g6.} 37. Rf4 (37. Kg4 $17 {was the only defense.}) 37... Qh1+ (37... h5 $1 $19 {is more deadly.} 38. Bc2 Qh1+ 39. Ke3 Qc1+ 40. Kf3 Rxf4+ 41. gxf4 Qh1+ 42. Ke3 Re8+ 43. Kd4 Qf3) 38. Kg4 Qxh2 39. b4 Rf6 (39... Qh1 $17 40. Be4 Qd1+ 41. f3 Qd7+ 42. Rf5 h6) 40. b5 $2 {[%mdl 8192]} (40. Be4 $11) 40... Rdf8 $19 {...g6 is the strong threat.} 41. Qe5 Rh6 (41... Qg1 $142 42. Qd4 Qg2) 42. Kf3 Qh1+ $40 {[%mdl 128] Black goes for the king.} 43. Ke2 {[#]} Qh5+ $1 44. g4 {[#]} Qf7 $1 45. Kf1 $2 (45. Qd4) 45... Qb3 46. Bc2 Rh1+ 47. Kg2 Qh3# {Precision: White = 39%, Black = 46%.} 0-1

[Event "Winter Chess Classic-B 2018"]
[Site "Saint Louis"]
[Date "2018.11.09"]
[Round "5"]
[White "Theodorou, Nikolas"]
[Black "Van Foreest, Lucas"]
[Result "1-0"]
[WhiteElo "2539"]
[BlackElo "2499"]
[Annotator "TA"]
[PlyCount "51"]
[EventDate "2018.11.05"]
[EventType "tourn"]
[EventCountry "USA"]
[SourceTitle "playchess.com"]
[Source "ChessBase"]
[SourceQuality "1"]

{[%evp 18,50,-41,-60,-28,-46,-19,-22,-31,-42,0,-12,0,-9,-3,-5,0,0,315,307,289,287,349,341,683,718,704,697,659,650,1044,1044,1031,1002,29999]} 1. d4 Nf6 2. c4 e6 3. Nc3 Bb4 4. g3 O-O 5. Bg2 d5 6. Nf3 dxc4 7. O-O Nc6 {[%cal Bb8c6,Bc6a5,Ba5b3][%mdl 32]} 8. a3 Be7 9. e4 {E20: Nimzo-Indian: 4 g3 and 4 f3} a6 (9... Na5 10. Be3 Rb8 11. Qe2 b5 12. Rad1 a6 13. d5 Qe8 14. Rfe1 Nb3 15. Bf4 Rb7 16. h3 Nc5 17. dxe6 fxe6 {0-1 (45) Onischuk,A (2662)-Karjakin,S (2762) Baku 2015}) 10. Be3 {LiveBook: 5 Games} b5 11. Qc2 {Black has an edge.} Bb7 $146 ({Predecessor:} 11... Ng4 12. Bf4 g5 13. d5 exd5 14. exd5 gxf4 15. dxc6 fxg3 16. hxg3 Qd6 {0-1 (72) Metpally,J (2053)-Nakar,E (2476) Madison 2017}) 12. Rad1 Na5 13. d5 {aiming for dxe6.} exd5 14. exd5 Nb3 ({Avoid the trap} 14... Nxd5 $2 15. Nxd5 Rb8 16. Nb6 $18) 15. Ne5 Bc5 {With the idea ...Bxe3.} 16. Bg5 Re8 {[#]} 17. Ng4 $1 {[%mdl 512] Threatens to win with Bxf6.} Nxg4 $4 {[%mdl 8192]} (17... Bc8 $1 $11 18. Bxf6 gxf6 19. Nh6+ Kg7) 18. Bxd8 $18 Raxd8 {[#]} 19. d6 $1 Bxg2 20. dxc7 ({Not} 20. Kxg2 Bxd6 21. Ne4 h6 $16) 20... Rxd1 $2 (20... Rc8) 21. Rxd1 Bb7 22. Rd8 Rf8 {[#]} 23. Qe4 $1 {[%mdl 512]} Bxf2+ (23... Bxe4 24. Nxe4) 24. Kg2 Bxe4+ 25. Nxe4 Rxd8 26. cxd8=R# {Precision: White = 87%, Black = 29%.} 1-0

[Event "Winter Chess Classic-B 2018"]
[Site "Saint Louis"]
[Date "2018.11.10"]
[Round "6"]
[White "Andriasian, Zaven"]
[Black "Ali Marandi, Cemil Can"]
[Result "1/2-1/2"]
[WhiteElo "2603"]
[BlackElo "2552"]
[Annotator "TA"]
[PlyCount "60"]
[EventDate "2018.11.05"]
[EventType "tourn"]
[EventCountry "USA"]
[SourceTitle "playchess.com"]
[Source "ChessBase"]
[SourceQuality "1"]

{[%evp 15,60,35,45,47,52,35,49,47,65,60,60,0,0,0,0,0,0,0,0,-22,-12,-55,-58,-60,-29,-23,-18,-13,-11,-18,0,0,0,0,0,-9,-9,-19,-2,-4,0,0,0,0,0,0,0]} 1. e4 e6 2. d4 d5 3. Bd3 Nc6 {[%cal Bb8c6,Bc6b4,Bb4d3][%mdl 32]} 4. Nf3 (4. Ne2 Nb4 5. Bb5+ Bd7 6. Bxd7+ Qxd7 7. c3 Nc6 8. e5 f6 9. f4 Nh6 10. Ng3 f5 11. Nd2 Nf7 {½-½ (41) Alekseev,E (2627)-Shaposhnikov,E (2572) Yaroslavl 2018}) 4... Nb4 5. Nc3 Nxd3+ 6. Qxd3 {C01: French: Exchange Variation} dxe4 7. Nxe4 Nf6 8. Bg5 Be7 {LiveBook: 10 Games} 9. Bxf6 gxf6 10. O-O-O b6 11. Qe3 Qd5 12. Nc3 $146 ({Predecessor:} 12. Qf4 Qf5 13. Qxf5 exf5 {½-½ (45) Zorr,S (2144)-Andersen,J (2043) GER email 2012}) 12... Qd7 13. Qh6 (13. Qe4 $14 c6 14. Qg4) 13... Bb7 $11 14. Qg7 O-O-O 15. Qxf7 Rhg8 16. Rhg1 Bb4 17. Qxd7+ (17. Qxf6 {feels hotter.} Rgf8 18. Qe5 Bxc3 19. bxc3 Bxf3 20. gxf3 Rxf3 21. Rge1) 17... Rxd7 18. Rd3 {[#]} e5 $1 {[%mdl 512] And now ...e4 would win.} 19. d5 (19. dxe5 Rxd3) 19... Bxc3 20. Rxc3 Bxd5 21. g3 {The position is equal.} Rgd8 ({Reject} 21... Bxa2 $6 22. b3 $16) 22. Rd1 (22. b3 {seems wilder.} Bb7 23. Re1 c5 24. b4 Kb8 25. bxc5 bxc5 26. Nh4) 22... Bxf3 {[%csl Gd8,Gf3][%cal Rd7d1] [#]} ({Much worse is} 22... Bxa2 $6 23. Rxd7 Rxd7 24. b3 $16) (22... Rd6 {is interesting.} 23. Nh4 Be6 24. Rxd6 Rxd6 25. b3 Kd7) 23. Rxd7 Kxd7 24. Rxf3 {[%mdl 4096] Endgame KR-KR} Ke6 25. Rc3 c5 26. Ra3 Rd7 27. Ra4 Kf5 28. Rh4 b5 29. a4 a6 30. axb5 axb5 {Precision: White = 58%, Black = 76%.} 1/2-1/2

[Event "Winter Chess Classic-B 2018"]
[Site "Saint Louis"]
[Date "2018.11.10"]
[Round "6"]
[White "Hakobyan, Aram"]
[Black "Perelshteyn, Eugene"]
[Result "1/2-1/2"]
[WhiteElo "2565"]
[BlackElo "2493"]
[Annotator "TA"]
[PlyCount "155"]
[EventDate "2018.11.05"]
[EventType "tourn"]
[EventCountry "USA"]
[SourceTitle "playchess.com"]
[Source "ChessBase"]
[SourceQuality "1"]

{[%evp 25,155,20,30,18,65,27,24,26,44,44,44,41,37,39,43,43,42,39,47,32,27,27,36,0,49,32,52,36,88,33,29,39,88,88,88,88,88,88,88,88,88,88,88,88,89,89,89,89,89,59,60,61,92,59,92,92,92,74,74,74,74,74,74,74,74,74,74,74,74,74,74,74,74,74,74,74,74,74,74,74,74,74,74,74,74,74,74,0,74,74,74,74,74,74,83,8,46,8,8,8,8,8,8,8,11,8,8,8,180,172,163,4,20,0,133,0,20,4,11,4,4,4,69,4,11,4,4,4,8,4,8,4]} 1. d4 Nf6 2. Nf3 e6 3. c4 Bb4+ 4. Bd2 Qe7 5. g3 Nc6 6. Bg2 Bxd2+ 7. Nbxd2 O-O 8. O-O d6 9. e4 e5 10. d5 Nb8 11. b4 a5 12. a3 Na6 13. Qb3 c6 {LiveBook: 9 Games. E11: Bogo-Indian} (13... Bd7 14. Rfc1 Rfb8 15. Ne1 axb4 16. axb4 c5 17. dxc6 bxc6 18. Nc2 Nc7 19. Rxa8 Rxa8 20. Ne3 g6 21. Qd3 {½-½ (52) Beliavsky,A (2654)-Hertneck,G (2541) Saint Vincent 2000}) 14. Rfc1 Bd7 15. Ne1 (15. c5 $5) 15... axb4 {White has an edge.} 16. axb4 {[%cal Ba3b4,Bb4b5][%mdl 32]} c5 17. b5 Nb4 18. Nd3 $146 ({Predecessor:} 18. Ra4 Rxa4 19. Qxa4 h5 20. Nef3 {½-½ (20) Lukey,S (2236)-Smith,R (2214) Dunedin 2012}) 18... Nxd3 19. Qxd3 Rfb8 20. Ra3 Qd8 21. Rca1 Ne8 22. f4 Rxa3 23. Rxa3 Ra8 24. Qc3 f6 25. Qa1 Nc7 26. Nb3 b6 (26... Rxa3 $14 27. Qxa3 Na8) 27. Nd2 (27. Rxa8 $16 Qxa8 28. Qxa8+ Nxa8 29. Nc1) 27... Rxa3 $14 28. Qxa3 Qa8 29. Qxa8+ Nxa8 $16 {[%mdl 4096] Endgame KBN-KBN} 30. Kf2 Kf8 31. Nb1 Ke7 32. Nc3 Kd8 33. Bf3 Kc8 34. Ke3 Kd8 35. h4 Ke7 36. g4 h6 37. g5 hxg5 38. hxg5 Bh3 39. Be2 Nc7 40. Na4 {Hoping for gxf6+.} Na8 41. Kf3 Bd7 42. Kg3 g6 43. Bf1 Kf7 44. Kf3 Ke7 45. Be2 Kf7 46. Ke3 Ke7 47. Bd1 Kf7 48. Bf3 Ke7 49. Nb2 Nc7 50. Be2 Kf7 51. Na4 Na8 52. Kf3 Ke7 53. Kg3 Kf7 54. Bf3 Ke7 55. Bd1 Kf7 56. Be2 Ke7 $1 57. Bf3 Kf7 58. Nb2 Nc7 59. Nd3 Ne8 60. Nf2 (60. Bg2 $16) 60... Ng7 61. gxf6 Kxf6 62. Bg4 exf4+ 63. Kxf4 Nh5+ 64. Kf3 Be8 65. Nd3 {Strongly threatening Nb2.} Ke7 $1 66. Nb2 {Threatens to win with Na4.} Kd8 $2 {[#]} (66... Nf6 $11 {and Black stays safe.}) 67. Na4 $1 $18 Kc7 68. Nc3 $2 ({White has to play} 68. Be6 $18) 68... Kd8 69. Na4 (69. Be6 $11) 69... Kc7 $1 $16 70. Nc3 (70. Be6 $16) 70... Kd8 $11 71. Ke3 Kc7 72. Be6 g5 73. e5 dxe5 ({Better is} 73... Bg6 $11) 74. Ne4 (74. Ke4 $1 $14) 74... Nf4 {The position is equal.} 75. Nxg5 Bg6 76. Bg4 Kd6 77. Bf3 Ke7 78. Be4 {Precision: White = 57%, Black = 66%.} 1/2-1/2

[Event "Winter Chess Classic-B 2018"]
[Site "Saint Louis"]
[Date "2018.11.10"]
[Round "6"]
[White "Benjamin, Joel"]
[Black "Gareyev, Timur"]
[Result "0-1"]
[WhiteElo "2526"]
[BlackElo "2584"]
[Annotator "TA"]
[PlyCount "54"]
[EventDate "2018.11.05"]
[EventType "tourn"]
[EventCountry "USA"]
[SourceTitle "playchess.com"]
[Source "ChessBase"]
[SourceQuality "1"]

{[%evp 10,54,14,11,46,39,24,27,56,22,12,29,28,14,12,13,6,19,34,46,39,21,49,29,33,20,58,55,59,45,58,45,43,30,45,38,38,-18,0,-22,0,0,0,-21,-29,-29988,-29989]} 1. e4 e5 2. Nf3 Nc6 3. Bb5 a6 4. Ba4 Nf6 5. Nc3 Bc5 6. O-O {LiveBook: 25 Games} d6 {C77: Ruy Lopez: 3...a6 4 Ba4 Nf6, unusual lines} (6... b5 7. Bb3 O-O 8. Nd5 Nxe4 9. d3 Nf6 10. Bg5 Be7 11. Nxe7+ Qxe7 12. Re1 h6 13. Bh4 Bb7 14. c3 Rfe8 15. d4 {0-1 (60) Anand,V (2786)-Kramnik,V (2808) Stavanger 2017 CBM 179 [Ramirez Alvarez,Alejandro]}) 7. d4 exd4 8. Nxd4 Bd7 {White has an edge.} 9. Nxc6 Bxc6 10. Bxc6+ bxc6 11. b3 $146 ({Predecessor:} 11. Qf3 Bd4 12. Ne2 Be5 13. c3 O-O 14. Nd4 Qd7 15. Bf4 {1-0 (43) Fischer,G (2175)-Strozewski,G (1852) Hockenheim 2007}) 11... O-O 12. Bb2 Re8 13. Qd3 Nd7 14. Na4 Ba7 15. Qg3 {[%csl Gb2][%cal Rg3g7] [#]} f6 16. Rae1 Re6 17. Qc3 Ne5 18. Kh1 Qd7 19. f3 Rae8 20. Rd1 Qc8 21. Qa5 Be3 22. Nc3 f5 23. exf5 (23. Rde1 $14 f4 24. Nd1) 23... Rh6 $11 24. Ne4 {Qc3 is the strong threat.} Qxf5 25. Qxc7 Bf4 26. g3 (26. Rxd6 Rxh2+ 27. Kg1 Qh5 $19) 26... Bxg3 $1 27. Nxg3 $4 {[%mdl 8192] [#]} (27. Rd2 $11 Bf4 28. Rg2) 27... Qxc2 {Precision: White = 41%, Black = 76%.} 0-1